Košický večer na návšteve v Kavečanoch a K.N.Vsi

Bibliographic Details
Main Author: Čižmáriková, Katarína (Author)
Format: Article
Language:Slovak
Subjects:

MARC

LEADER 00000nab a2200000 a 4500
001 vtls000915637
003 SK-MaSNL
005 20260305012651.0
008 040720e19920708xo 0 slo
035 |a KE24521 
040 |a KEVKJB  |b slo  |c KEVKJB  |e AACR2 
041 0 |a slo 
044 |a xo  |c SK 
080 |a 352  |2 1981 
100 1 |a Čižmáriková, Katarína  |4 aut  |9 268712 
245 1 0 |a Košický večer na návšteve v Kavečanoch a K.N.Vsi 
650 0 7 |a mestské časti  |2 KEVKJB  |9 30863 
650 0 7 |a problémy súčasné  |2 KEVKJB  |9 879977 
650 0 7 |a reportáže  |2 KEVKJB  |9 75670 
651 7 |a Kavečany (Košice I, Slovensko)  |2 KEVKJB  |9 29662 
651 7 |a Košická Nová Ves (Košice III, Slovensko)  |2 KEVKJB  |9 29677 
651 7 |a KE,  |2 KEVKJB  |9 877256 
655 7 |a periodikum  |2 snkbucl  |9 29553 
773 0 8 |t Košický večer  |g Roč. 3  |g Roč. 28, č.132, 8.7.1992, s. 3 
852 |a ZVYKNI  |b KIS3GCP 
999 |c 3258621  |d 3260551